000 00422nam a2200133Ia 4500
008 230917s9999||||xx |||||||||||||| ||und||
040 _e90903
_aMAIN
041 _aEnglish
082 _a617.7 R188C
100 _aRathi, Manisha
245 0 _aComparative study of the role of topical indomethacin and flurbiprofen in preventing intraoperative miosis during extra capsular cataract surgery
300 _a74 p.
942 _cTH
999 _c74885
_d74885